000 00439nam a2200157Ia 4500
008 100122s9999 xx 000 0 und d
082 _b77683
_a824
100 _aमुळे ज्ञानेश्वर
245 _aग्यानबाची मेख
250 _a1
260 _c2009
300 _a152
630 _aग्यानबाची मेख
730 _aग्यानबाची मेख
942 _cBOOK
999 _c394956
_d394953